Skocznie narciarskie w Pucharze Świata na mapie - Statystyki

Ogólne statystyki
  • Ten quiz został rozwiązany 571 razy
    224 od ostatniego zresetowania
  • Średni wynik to 28 z 63
Odpowiedzi na mapie
Odpowiedzi zakodowano w zielono-czerwonej skali na mapie do tego quizu, zgodnie z poniższymi procentami.
 
Statystyki odpowiedzi
Państwo Miejscowość/Skocznia % Poprawnych
Polska Wisła
92%
Polska Zakopane
90%
Norwegia Oslo
84%
Japonia Sapporo
82%
Finlandia Lahti
81%
Polska Szczyrk
75%
Austria Innsbruck
75%
Norwegia Lillehammer
75%
Słowenia Planica
75%
Finlandia Ruka/Ruca
75%
Norwegia Vikersund
75%
Włochy Predazzo
74%
USA Lake Placid
73%
Szwecja Falun
72%
Niemcy Garmisch-Partenkirchen
72%
Norwegia Trondheim
71%
Szwajcaria Engelberg
67%
Rosja Niżny Tagił
66%
Niemcy Oberstdorf
66%
Czechy Harrachov
63%
Rumunia Râșnov
63%
Austria Bad Mitterndorf
61%
Niemcy Willingen
60%
Czechy Liberec
59%
Finlandia Kuopio
58%
Austria Bischofshofen
56%
Kazachstan Ałmaty
54%
Niemcy Klingenthal
54%
USA Iron Mountain
50%
Korea Południowa Pjongczang
49%
Rosja Soczi
48%
Francja Courchevel
46%
Niemcy Titisee-Neustadt
45%
Bośnia i Herc. Sarajewo
44%
Japonia Hakuba
43%
Kanada Whistler
38%
USA Ironwood
35%
Słowenia Kranj
33%
Norwegia Villach
31%
USA Park City
30%
Włochy Pragelato
30%
Włochy Val di Fiemme
30%
Francja Chamonix
25%
Niemcy Oberhof
24%
Kanada Thunder Bay
24%
Austria Ramsau
22%
Słowacja Szczyrbskie Jezioro
22%
Chiny Zhangjiakou
20%
Włochy Cortina d’Ampezzo
19%
Szwajcaria Sankt Moritz
16%
Austria Seefeld
13%
Niemcy Oberwiesenthal
7%
Szwecja Örnsköldsvik
7%
Szwajcaria Gstaad
5%
Austria Murau
5%
Niemcy Ruhpolding
5%
Szwecja Sollefteå
5%
Szwecja Bollnäs
4%
Włochy Gallio
4%
Norwegia Meldal
4%
Norwegia Bærum
3%
Francja Saint-Nizier
3%
Norwegia Raufoss
2%
Nie znaleziono quizów pasujących do podanych kryteriów
Rozkład punktacji
Procent ludzi z każdym wynikiem
Percentyl według liczby udzielonych odpowiedzi
Twoja historia wyników
Nie rozwiązałeś tego quizu od ostatniego zresetowania